<?xml version="1.0" encoding="UTF-8"?>
<record
    xmlns:xsi="http://www.w3.org/2001/XMLSchema-instance"
    xsi:schemaLocation="http://www.loc.gov/MARC21/slim http://www.loc.gov/standards/marcxml/schema/MARC21slim.xsd"
    xmlns="http://www.loc.gov/MARC21/slim">

  <leader>02234nam a2200301 i 4500</leader>
  <controlfield tag="003">OSt</controlfield>
  <controlfield tag="005">20260427125623.0</controlfield>
  <controlfield tag="008">260423t20252024nyu    erb    000 f eng d</controlfield>
  <datafield tag="020" ind1=" " ind2=" ">
    <subfield code="a">9781538756669</subfield>
    <subfield code="c">RM 148.50</subfield>
    <subfield code="q">paperback</subfield>
  </datafield>
  <datafield tag="040" ind1=" " ind2=" ">
    <subfield code="a">PPAK</subfield>
    <subfield code="b">eng </subfield>
    <subfield code="c">PPAK</subfield>
    <subfield code="e">rda</subfield>
  </datafield>
  <datafield tag="082" ind1="0" ind2="4">
    <subfield code="2">23</subfield>
    <subfield code="a">813.6</subfield>
  </datafield>
  <datafield tag="090" ind1="0" ind2="0">
    <subfield code="a">813.6</subfield>
    <subfield code="b">ZEN</subfield>
    <subfield code="d">G</subfield>
  </datafield>
  <datafield tag="100" ind1="1" ind2=" ">
    <subfield code="a">Zentner, Jeff, </subfield>
    <subfield code="e">author. </subfield>
  </datafield>
  <datafield tag="245" ind1="1" ind2="0">
    <subfield code="a">COLTON GENTRY'S Third Act :</subfield>
    <subfield code="b">A NOVEL /</subfield>
    <subfield code="c">JEFF ZENTNER</subfield>
  </datafield>
  <datafield tag="246" ind1="3" ind2="0">
    <subfield code="a">Colton Gentry's third act : </subfield>
    <subfield code="b">a novel </subfield>
  </datafield>
  <datafield tag="250" ind1=" " ind2=" ">
    <subfield code="a">First edition. </subfield>
  </datafield>
  <datafield tag="264" ind1=" " ind2="1">
    <subfield code="a">New York : </subfield>
    <subfield code="b">Grand Central Publishing, </subfield>
    <subfield code="c">2025</subfield>
  </datafield>
  <datafield tag="264" ind1=" " ind2="4">
    <subfield code="c">&#xA9;2024</subfield>
  </datafield>
  <datafield tag="300" ind1=" " ind2=" ">
    <subfield code="a">389 pages ;</subfield>
    <subfield code="c">20 cm</subfield>
  </datafield>
  <datafield tag="336" ind1=" " ind2=" ">
    <subfield code="a">text</subfield>
    <subfield code="2">rdacontent</subfield>
  </datafield>
  <datafield tag="337" ind1=" " ind2=" ">
    <subfield code="a">unmediated</subfield>
    <subfield code="2">rdamedia</subfield>
  </datafield>
  <datafield tag="338" ind1=" " ind2=" ">
    <subfield code="a">volume</subfield>
    <subfield code="2">rdacarrier</subfield>
  </datafield>
  <datafield tag="520" ind1=" " ind2=" ">
    <subfield code="a">"Colton Gentry is riding high. His first hit in nearly a decade has caught fire, he's opening for country megastar Brant Lucas, and he's married to one of the hottest acts in the country. But he's hurting. Only a few weeks earlier, his best friend Duane was murdered onstage by a mass shooter at a country music festival. One night, with his trauma festering and Jim Beam flowing through his veins, Colton stands before a sold-out arena crowd of country music fans and offers his unfiltered opinion on guns. It goes over poorly. Immediately, his career and marriage implode. Left with few choices or funds, he leaves rehab and retreats to his rural Kentucky hometown to move back in with his mom. He's resigned himself to has-been-dom until a chance encounter at his town's new farm-to-table restaurant gives him a second shot at life: a job working in the kitchen with Luann, his first love, who has undergone her own reinvention. Told through perspectives alternating between his senior year of high school, his time coming up with Duane as hungry musicians in Nashville, and the present, COLTON GENTRY'S THIRD ACT is a story of coming home, undoingpast heartbreaks, navigating grief, and a reminder that there are next acts in life, no matter how remote they may seem"-- </subfield>
    <subfield code="c">Provided bypublisher</subfield>
  </datafield>
  <datafield tag="650" ind1="1" ind2="0">
    <subfield code="a">Best friends </subfield>
    <subfield code="x">Death </subfield>
    <subfield code="v">Fiction</subfield>
  </datafield>
  <datafield tag="650" ind1="2" ind2="0">
    <subfield code="a">Country musicians </subfield>
    <subfield code="z">Tennessee </subfield>
    <subfield code="z">Nashville </subfield>
    <subfield code="v">Fiction</subfield>
  </datafield>
  <datafield tag="650" ind1="2" ind2="0">
    <subfield code="a">First loves </subfield>
    <subfield code="v">Fiction</subfield>
  </datafield>
  <datafield tag="942" ind1=" " ind2=" ">
    <subfield code="2">ddc</subfield>
    <subfield code="c">B</subfield>
  </datafield>
  <datafield tag="999" ind1=" " ind2=" ">
    <subfield code="c">203985</subfield>
    <subfield code="d">203985</subfield>
  </datafield>
</record>
